00757nam a2200217 4500999001900000005001700019010001500036020002700051035001400078037001300092082001200105245007900117260006100196270005600257300002000313500001900333700002000352700001700372942002600389952012400415 c164235d16423520190514145424.0 aENG-125177 a9788123025308c2045.00 aEN-108709 bDBAD/PUB a347.540 aCourts of India:bpast to present/ced. by Shadan Perween [and] Divya Jain aNew DelhibDirector General, Publications Divisionc2018 aMinistry of Information and BroadcastingbNew Delhi a512p.c29cm(Hb) aIncludes index aPerween,Shadan  aJain, Divya  2ddccENh347.540mCOU 001040708NFICaAVbAVd2019-05-14eDBAD/PUBg2045.00l0o347.540 COUpEN-108709r2019-05-14 00:00:00t1v2045.00yEN